| 000 | 00404nam a2200157Ia 4500 | ||
|---|---|---|---|
| 008 | 230917s9999||||xx |||||||||||||| ||und|| | ||
| 040 |
_e82649 _aMAIN |
||
| 041 | _aEnglish | ||
| 082 | _a551 H734H | ||
| 100 | _aHolmes, Arthur | ||
| 245 | 0 | _aHolmes principles of physical geology | |
| 250 | _a3rd ed. | ||
| 260 |
_aNairobi Kenya _bEnglish Language Book Society _c1976 |
||
| 300 | _a730 p. | ||
| 942 | _cBK | ||
| 999 |
_c43134 _d43134 |
||